000 00271nam a2200109Ia 4500
001 588763
005 20250717120837.0
008 250717s9999 xx 000 0 und d
245 0 _aV-13 KORKUSUZ PİLOT
_cİSMAİL BİLGİN
260 _bERDEM YAYINLARI
_c2018
300 _b77
999 _c588763
_d588763